Dinàmica, conservació i gestió dels sistemes de muntanya : algunes consideracions entorn del massís de Montseny, Catalunya / Martí Boada algunes consideracions entorn del massís de Montseny, Catalunya / Martí Boada
Descripción Física:
[23] p. : gràf. ; 30 cm
Materias:
Montseny (Catalunya : Massís)
MARC
| LEADER | 00000nam a2200000Ia 4500 | ||
|---|---|---|---|
| 001 | 20936 | ||
| 008 | 160829s1994 xx 000 0 cat d | ||
| 080 | |a FU-23-39 | ||
| 100 | |a Boada, Martí, |d 1949- |9 41283 | ||
| 245 | |a Dinàmica, conservació i gestió dels sistemes de muntanya : |b algunes consideracions entorn del massís de Montseny, Catalunya / Martí Boada | ||
| 260 | |a Sant Celoni : |b [s.n.], |c 1994 | ||
| 300 | |a [23] p. : |b gràf. ; |c 30 cm | ||
| 590 | |a Article relacionat amb les jornades El Montseny i el futur. | ||
| 590 | |a Bibliografia. | ||
| 590 | |a Núm. de full registral: 4640 | ||
| 651 | 0 | |a Montseny (Catalunya : Massís) |9 50902 | |
| 901 | |a Arxiu | ||
| 942 | |n 1 | ||
| 952 | |0 0 |1 0 |4 0 |6 FU2339 |7 1 |9 52367 |a Arxiu |b Arxiu |d 2016-12-01 |l 0 |o FU-23-39 |p 20936 |r 2016-12-01 00:00:00 |w 2016-12-01 |y ARXIU | ||
| 999 | |c 56215 |d 56215 | ||